UM Logo
Normal view MARC view
  • Astronomy

Entry Topical Term

Number of records used in: 1

001 - CONTROL NUMBER

  • control field: 39836

003 - CONTROL NUMBER IDENTIFIER

  • control field: OSt

005 - DATE AND TIME OF LATEST TRANSACTION

  • control field: 20190919151038.0

008 - FIXED-LENGTH DATA ELEMENTS

  • fixed length control field: 190919|| aca||aabn | a|a d

040 ## - CATALOGING SOURCE

  • Original cataloging agency: OSt
  • Transcribing agency: OSt

150 ## - HEADING--TOPICAL TERM

  • Topical term or geographic name entry element: Astronomy

670 ## - SOURCE DATA FOUND

  • Source citation: Work cat.: (OSt)14185: 39311 Begley, Sarah., Night of a thousand stars/, c2016.